| 000 | 00589nam a2200181Ia 4500 | ||
|---|---|---|---|
| 999 |
_c50925 _d50925 |
||
| 003 | GCL | ||
| 005 | 20240530104823.0 | ||
| 008 | 140319s9999 xx 000 0 ara d | ||
| 040 |
_aGCL / _cGCL |
||
| 082 | 0 | 4 |
_a312/ _bك ج |
| 100 | 1 | _aكلارك، جون | |
| 245 | 1 | 0 |
_aجغرافية السكان / _cتاليف جون كلارك ؛ ترجمة محمد شوقى ابراهيم مكى |
| 260 |
_a[S.N] : _bدار المريخ للنشر ، _c1984 |
||
| 300 | _a259 ص | ||
| 650 | 0 | 4 | _aالسكان |
| 700 | 1 |
_aمحمد شوقى ابراهيم مكى _eمترجم |
|
| 942 |
_2ddc _cBK |
||